Sports Quiz

Random Sports or Soccer Quiz

Capped players under only one manager : Italy Quiz Stats

 Plays Quiz not verified by Sporcle

Score 0/190 Timer 20:00
0 Plays Today
Hint Answer % Correct
Cesare PrandelliMario Balotelli
71.6%
Enzo BearzotPaolo Rossi
62.2%
Giampiero VenturaAndrea Belotti
61.4%
Antonio ConteStefano Okaka
56.8%
Marcello LippiFlavio Roma
55.4%
Giampiero VenturaDaniele Rugani
52.3%
Enzo BearzotPaolo Conti
50%
Enzo BearzotBruno Conti
50%
Cesare PrandelliAmauri
50%
Cesare PrandelliPablo Osvaldo
50%
Giampiero VenturaGianluigi Donnarumma
50%
Giovanni TrapattoniMassimo Maccarone
48.6%
Giampiero VenturaAlessio Romagnoli
47.5%
Arrigo SacchiGiuseppe Signori
45.9%
Cesare PrandelliCristian Molinaro
45.9%
Giovanni TrapattoniFrancesco Coco
44.6%
Giovanni TrapattoniCristiano Doni
43.2%
Antonio ConteFrancesco Acerbi
41.9%
Antonio ConteJorginho
41.9%
Arrigo SacchiGianluigi Lentini
40.5%
Cesare PrandelliFederico Balzaretti
40.5%
Antonio ConteMattia Perin
40.5%
Giampiero VenturaRoberto Gagliardini
39.4%
Giampiero VenturaAndrea Petagna
39.4%
Enzo BearzotGiuseppe Baresi
36.5%
Giampiero VenturaDanilo D'Ambrosio
36.4%
Giampiero VenturaDavide Zappacosta
35.9%
Enzo BearzotGiovanni Galli
35.1%
Arrigo SacchiRoberto Mussi
35.1%
Cesare PrandelliAlessandro Diamanti
35.1%
Ferruccio ValcareggiGianpietro Marchetti
33.8%
Azeglio ViciniSalvatore Schillaci
33.8%
Antonio ConteRoberto Soriano
33.8%
Arrigo SacchiLuigi Apolloni
32.4%
Marcello LippiSergio Pellissier
32.4%
Antonio ConteFranco Vázquez
32.4%
Enzo BearzotGaetano Scirea
29.7%
Arrigo SacchiMarco Simone
29.7%
Arrigo SacchiSergio Porrini
29.7%
Arrigo SacchiLuca Bucci
29.7%
Giovanni TrapattoniMatteo Ferrari
29.7%
Arrigo SacchiMauro Tassotti
28.4%
Giovanni TrapattoniCristiano Zanetti
28.4%
Roberto DonadoniGennaro Delvecchio
28.4%
Roberto DonadoniTommaso Rocchi
28.4%
Cesare PrandelliMarco Motta
28.4%
Cesare PrandelliFabio Borini
28.4%
Antonio ConteAndrea Bertolacci
28.4%
Antonio ConteMirko Valdifiori
28.4%
Antonio ConteStefano Sturaro
27.7%
Giampiero VenturaSimone Verdi
27.3%
Enzo BearzotMarco Tardelli
27%
Arrigo SacchiAlberigo Evani
27%
Arrigo SacchiAlessandro Bianchi
27%
Arrigo SacchiLuca Marchegiani
27%
Dino ZoffMichele Serena
27%
Marcello LippiDario Dainelli
27%
Roberto DonadoniCristian Brocchi
27%
Azeglio ViciniGiuseppe Giannini
25.7%
Azeglio ViciniStefano Tacconi
25.7%
Dino ZoffEusebio Di Francesco
25.7%
Dino ZoffTomas Locatelli
25.7%
Giovanni TrapattoniDaniele Adani
25.7%
Fulvio BernardiniSalvatore Esposito
24.3%
Hint Answer % Correct
Marcello LippiGiampiero Pinzi
24.3%
Cesare PrandelliEmiliano Viviano
24.3%
Cesare PrandelliGabriel Paletta
24.3%
Azeglio ViciniLuigi De Agostini
23%
Antonio ConteEmiliano Moretti
23%
Ferruccio ValcareggiAldo Bet
21.6%
Azeglio ViciniGiancarlo Marocchi
21.6%
Giovanni TrapattoniDamiano Zenoni
21.6%
Giovanni TrapattoniLuciano Zauri
21.6%
Roberto DonadoniMax Tonetto
21.6%
Giampiero VenturaLeonardo Spinazzola
21.2%
Dino ZoffGiuliano Giannichedda
20.3%
Marcello LippiManuele Blasi
20.3%
Marcello LippiGiuseppe Mascara
20.3%
Cesare PrandelliCristian Daniel Ledesma
20.3%
Cesare PrandelliMarco Sau
20.3%
Arrigo SacchiFrancesco Baiano
18.9%
Arrigo SacchiMoreno Mannini
18.9%
Arrigo SacchiRoberto Rambaudi
18.9%
Giovanni TrapattoniMassimo Marazzina
18.9%
Marcello LippiRoberto Baronio
18.9%
Azeglio ViciniAndrea Carnevale
17.6%
Arrigo SacchiAlessandro Melli
17.6%
Arrigo SacchiLorenzo Minotti
17.6%
Marcello LippiAntonio Langella
17.6%
Ferruccio ValcareggiUgo Ferrante
16.2%
Enzo BearzotPatrizio Sala
16.2%
Enzo BearzotGabriele Oriali
16.2%
Enzo BearzotRoberto Pruzzo
16.2%
Enzo BearzotFulvio Collovati
16.2%
Enzo BearzotGianpiero Marini
14.9%
Arrigo SacchiMarco Lanna
14.9%
Arrigo SacchiDaniele Carnasciali
14.9%
Arrigo SacchiFabio Petruzzi
14.9%
Arrigo SacchiFederico Giunti
14.9%
Arrigo SacchiPasquale Padalino
14.9%
Cesare MaldiniMichele Padovano
14.9%
Cesare MaldiniStefano Torrisi
14.9%
Giovanni TrapattoniValerio Bertotto
14.9%
Marcello LippiSalvatore Bocchetti
14.9%
Fulvio BernardiniAndrea Orlandini
13.5%
Enzo BearzotBruno Giordano
13.5%
Arrigo SacchiAlberto Di Chiara
13.5%
Arrigo SacchiGiovanni Stroppa
13.5%
Arrigo SacchiFabio Rossitto
13.5%
Marcello LippiAlessandro Parisi
13.5%
Marcello LippiGaetano D'Agostino
13.5%
Cesare PrandelliFederico Peluso
13.5%
Enzo BearzotIvano Bordon
12.2%
Azeglio ViciniDario Bonetti
12.2%
Arrigo SacchiAndrea Fortunato
12.2%
Dino ZoffPaolo Vanoli
12.2%
Roberto DonadoniAlessandro Rosina
12.2%
Ferruccio ValcareggiGiancarlo De Sisti
10.8%
Enzo BearzotFranco Selvaggi
10.8%
Enzo BearzotGiuseppe Galderisi
10.8%
Arrigo SacchiMassimo Carrera
10.8%
Arrigo SacchiRoberto Galia
10.8%
Arrigo SacchiGiorgio Venturin
10.8%
Arrigo SacchiMassimiliano Cappioli
10.8%
Arrigo SacchiAndrea Silenzi
10.8%
Cesare MaldiniGiampiero Maini
10.8%
Marcello LippiCarmine Coppola
10.8%
Roberto DonadoniFranco Semioli
10.8%
Hint Answer % Correct
Marcello LippiDavide Biondini
10.8%
Marcello LippiAndrea Cossu
10.8%
Cesare PrandelliDaniele Gastaldello
10.8%
Cesare PrandelliEzequiel Schelotto
10.8%
Fulvio BernardiniLuciano Re Cecconi
9.5%
Enzo BearzotRenato Zaccarelli
9.5%
Enzo BearzotPietro Fanna
9.5%
Enzo BearzotSergio Battistini
9.5%
Azeglio ViciniStefano Borgonovo
9.5%
Arrigo SacchiDaniele Zoratto
9.5%
Arrigo SacchiFrancesco Statuto
9.5%
Giovanni TrapattoniAlessandro Pierini
9.5%
Giovanni TrapattoniCarlo Nervo
9.5%
Ferruccio ValcareggiAdolfo Gori
8.1%
Ferruccio ValcareggiPierluigi Cera
8.1%
Ferruccio ValcareggiSergio Gori
8.1%
Ferruccio ValcareggiAldo Agroppi
8.1%
Ferruccio ValcareggiGiuseppe Wilson
8.1%
Fulvio BernardiniDomenico Caso
8.1%
Fulvio BernardiniGiuseppe Damiani
8.1%
Fulvio BernardiniLuigi Martini
8.1%
Enzo BearzotAldo Maldera
8.1%
Enzo BearzotLuciano Castellini
8.1%
Enzo BearzotAntonio Di Gennaro
8.1%
Azeglio ViciniGianfranco Matteoli
8.1%
Azeglio ViciniGiovanni Francini
8.1%
Arrigo SacchiAntonio Manicone
8.1%
Dino ZoffJonathan Bachini
8.1%
Giovanni TrapattoniMarcello Castellini
8.1%
Giovanni TrapattoniStefano Bettarini
8.1%
Roberto DonadoniMassimo Gobbi
8.1%
Ferruccio ValcareggiClaudio Merlo
6.8%
Fulvio BernardiniVincenzo Guerini
6.8%
Enzo BearzotAntonello Cuccureddu
6.8%
Enzo BearzotLionello Manfredonia
6.8%
Enzo BearzotWalter Novellino
6.8%
Enzo BearzotUbaldo Righetti
6.8%
Enzo BearzotFranco Tancredi
6.8%
Azeglio ViciniGennaro Ruotolo
6.8%
Giovanni TrapattoniAntonino Asta
6.8%
Marcello LippiFranco Brienza
6.8%
Roberto DonadoniGiulio Falcone
6.8%
Roberto DonadoniChristian Terlizzi
6.8%
Cesare PrandelliDiego Fabbrini
6.8%
Ferruccio ValcareggiGianfranco Zigoni
5.4%
Ferruccio ValcareggiComunardo Niccolai
5.4%
Ferruccio ValcareggiTazio Roversi
5.4%
Ferruccio ValcareggiGiuseppe Sabadini
5.4%
Fulvio BernardiniLuciano Zecchini
5.4%
Fulvio BernardiniFranco Cordova
5.4%
Enzo BearzotEraldo Pecci
5.4%
Enzo BearzotLuigi Danova
5.4%
Enzo BearzotRoberto Mozzini
5.4%
Enzo BearzotRuben Buriani
5.4%
Enzo BearzotDomenico Marocchino
5.4%
Enzo BearzotLuciano Marangon
5.4%
Enzo BearzotAntonio Sabato
5.4%
Arrigo SacchiFabrizio Di Mauro
5.4%
Fulvio BernardiniMoreno Roggi
5.4%
Marcello LippiDaniele Galloppa
5.4%
Ferruccio ValcareggiAngelo Anquilletti
4.1%
Ferruccio ValcareggiLuciano Spinosi
4.1%

You're not logged in!

Compare scores with friends on all Sporcle quizzes.
OR
Log In

You Might Also Like...

Show Comments

Extras

Top Quizzes Today


Score Distribution

Your Account Isn't Verified!

In order to create a playlist on Sporcle, you need to verify the email address you used during registration. Go to your Sporcle Settings to finish the process.

Report this User

Report this user for behavior that violates our Community Guidelines.

Details: